|
|
|
|
| LEADER |
00000nab a2200000 a 4500 |
| 001 |
vtls001024600 |
| 003 |
SK-MaSNL |
| 005 |
20260303190108.0 |
| 008 |
040720e19961102xo 0 slo |
| 035 |
|
|
|a SL3163
|
| 040 |
|
|
|a SLLK
|b slo
|c SLLK
|e AACR2
|
| 041 |
0 |
|
|a slo
|
| 044 |
|
|
|a xo
|c SK
|
| 080 |
|
|
|a 069.013
|2 1981
|
| 245 |
0 |
0 |
|a Magurské múzeum oslavuje štyridsiatku
|c [autor] (tasr)
|
| 610 |
2 |
7 |
|a Magurské múzeum (Stará Ľubovňa, Slovensko)
|2 SLLK
|9 901347
|
| 610 |
2 |
7 |
|a Okresné vlastivedné múzeum (Stará Ľubovňa, Slovensko)
|2 snkbucl
|9 102665
|
| 650 |
0 |
7 |
|a výročie vzniku 40.
|2 SLLK
|9 878587
|
| 650 |
0 |
7 |
|a oslavy
|2 SLLK
|9 484766
|
| 651 |
|
7 |
|a Stará Ľubovňa (Slovensko)
|2 snkbucl
|9 19193
|
| 773 |
0 |
8 |
|t Sme na východe
|g Roč. 1, č.100, 2.11.1996, s. 3
|
| 852 |
|
|
|a ZVYKNI
|b KIS3GCP
|
| 999 |
|
|
|c 2134536
|d 2136466
|